00573nam a2200145Ia 4500008004100000020001400041040004400055100002500099245014800124260003300272300004100305500004100346700002300387999001700410180412s9999||||xx |||||||||||||| ||und|| a471916749 aAhmadu Bello University Library - Zaria aJones, Robin Russell 0aRadiation and health: the biological effects of low-level exposure to ionizing radiation.cedited by Robin Russell Jones and Richard Southwood. aChichesterbJohn wileyc1987 axv, 292p.: ill., diagr., map, table. aIncludes bibliographical references. aSOUTHWOOD, Richard c39441d39441